000 00520nam a2200181Ia 4500
008 151121s9999||||xx |||||||||||||| ||und||
082 _a294।5/टिळक
082 _bHNW-40933
100 _aटिळक ज।श्री।
245 _aगीतारहस्य
260 _c--
300 _a155
600 _aटिळक ज।श्री।
630 _aगीतारहस्य
700 _aटिळक ज।श्री।
730 _aगीतारहस्य
942 _cBOOK
999 _c1230197
_d1230194